Visualization '97 : proceedings, October 19-24, 1997, Phoenix, Arizona /

Bibliographic Details
Corporate Authors: IEEE Computer Society. Technical Committee--Computer Graphics, SIGGRAPH
Other Authors: Yagel, Roni, Hagen, Hans
Format: Book
Language:English
Published: New York, NY : ACM Press, [1997]
Subjects:

MARC

Tag First Indicator Second Indicator Subfields
LEADER 00000cam a2200000 a 4500
001 in00001403850
005 20151020053204.0
008 971205s1997 nyu 000 0 eng d
020 |a 1581130112 (ACM) 
020 |a 0818682620 (IEEE) 
035 |a (OCoLC)38043576 
035 |9 AHM7327AM 
040 |a DID  |c DID  |d TXA  |d UtOrBLW 
049 |a TXAM 
090 |a T385  |b .I4 1997 
245 0 0 |a Visualization '97 :  |b proceedings, October 19-24, 1997, Phoenix, Arizona /  |c sponsored by IEEE Computer Society Technical Committee on Computer Graphics in cooperation with ACM SIGGRAPH ; edited by Roni Yagel and Hans Hagen. 
246 3 0 |a Proceedings, Visualization '97 
246 3 5 |a 97 Visualization 
246 3 8 |a 1997 IEEE Visualization Conference 
264 1 |a New York, NY :  |b ACM Press,  |c [1997] 
264 4 |c ©1997 
300 |a 585 pages :  |b illustrations (some color) ;  |c 28 cm. 
336 |a text  |b txt  |2 rdacontent 
337 |a unmediated  |b n  |2 rdamedia 
338 |a volume  |b nc  |2 rdacarrier 
500 |a Papers presented at the Eighth Annual IEEE Conference on Visualization. 
500 |a "IEEE catalog number 97CB36155"--Title page verso. 
504 |a Includes bibliographical references and index. 
500 |a ACM Order number: 428978 
650 0 |a Computer graphics  |v Congresses. 
650 0 |a Visualization  |v Congresses. 
700 1 |a Yagel, Roni. 
700 1 |a Hagen, Hans. 
710 2 |a IEEE Computer Society.  |b Technical Committee--Computer Graphics. 
710 2 |a SIGGRAPH. 
999 |a MARS 
999 f f |s 891a48bf-5bfc-3862-82fb-3c5a72dd9357  |i 868e8932-0315-3c4e-a673-eb44b6c80afd  |t 0 
952 f f |p ric  |a Texas A&M University  |b Rellis Campus  |c Joint Library Facility  |d Remote Storage  |t 0  |e T385 .I4 1997  |h Library of Congress classification  |i unmediated -- volume  |m A14822025439 
998 f f |a T385 .I4 1997  |t 0  |l Remote Storage